00937nas a2200265 4500001001300000003000900013005001700022007000300039008003400042040005400076041000900130072000800139100002200147100001600169100002000185100001700205100001800222245012600240650002900366650001300395650002700408773012100435856008100556856003400637BR2020000803BR-BrBNA20231205132111.0ta230509b bl.|||p| |||| 00| 00por d aBR-BrBNAbporcBiblioteca Nacional de Agricultura a(Pt) aP011 aSilveira, L.P. da1 aSouto, J.S.1 aDamasceno, M.M.1 aMucida, D.P.1 aPereira, I.M.1 aPoleiros artificiais e enleiramento de galhada na restauração de área degradada no semiárido da Paraíba, Brasil aDEGRADAÇÃO AMBIENTAL aCAATINGA aDISPERSÃO DE SEMENTE0 tNativa. Pesquisas Agrárias e Ambientais (Brazil)xISSN 2318-7670g(Jul-Sep 2015), v. 3(3) p. 165-170wBR202000080340uhttps://periodicoscientificos.ufmt.br/ojs/index.php/nativa/article/view/246540dLink DSPACE/MAPA BR2020000803